[Event "OHS 2017"]
[Site "?"]
[Date "2017.03.13"]
[Round "6.8"]
[White "Ponto, Michael"]
[Black "Zygan, Michael"]
[Result "0-1"]
[WhiteElo "1665"]
[BlackElo "1768"]
[PlyCount "72"]
[EventDate "2017.??.??"]
[WhiteTeam "SV Unser Fritz Wanne-E"]
[BlackTeam "SK Sodingen/Castrop 24/23 e.V."]

1. e4 c6 2. d4 d5 3. Nc3 dxe4 4. Nxe4 Nd7 5. Nf3 Ngf6 6. Bd3 Nxe4 7. Bxe4 Nf6
8. Bd3 Bg4 9. c3 e6 10. h3 Bh5 11. Bg5 Be7 12. Be2 O-O 13. O-O Qc7 14. Qb3 Rfd8
15. Rad1 Rac8 16. Bh4 Ne4 17. Bxe7 Qxe7 18. Qc2 Nf6 19. Ne5 Bxe2 20. Qxe2 h6
21. f4 c5 22. f5 cxd4 23. cxd4 exf5 24. Rxf5 Qd6 25. Qf3 Qb6 26. Qf2 Rd6 27. b3
Qd8 28. Nc4 Rd5 29. Rf4 b5 30. Ne3 Rd7 31. Nf5 Rc6 32. Qf3 Re6 33. d5 Rxd5 34.
Rxd5 Qxd5 35. Nxh6+ gxh6 36. Rxf6 Qd4+ 0-1

[Event "OHS 2017"]
[Site "?"]
[Date "2017.03.13"]
[Round "6.9"]
[White "Klüting, Reiner"]
[Black "Boost, Jürgen"]
[Result "1/2-1/2"]
[WhiteElo "1869"]
[BlackElo "1827"]
[PlyCount "84"]
[EventDate "2017.??.??"]
[WhiteTeam "SV Wattenscheid 1930 e"]
[BlackTeam "SC Gerthe 46 - Werne"]

1. d4 d5 2. c4 e6 3. Nc3 Be7 4. Nf3 Nf6 5. cxd5 exd5 6. Bg5 O-O 7. Qc2 h6 8.
Bh4 Be6 9. e3 Nbd7 10. Bd3 c5 11. dxc5 Nxc5 12. O-O Rc8 13. Nd4 Nxd3 14. Qxd3
Qb6 15. Rab1 Rfd8 16. Rfd1 Qc5 17. Nf5 Bxf5 18. Qxf5 g5 19. Bg3 d4 20. Qxc5
Bxc5 21. Na4 d3 22. Be5 Ne4 23. Nxc5 Nxc5 24. Bd4 Ne6 25. Rxd3 Nxd4 26. exd4
Rc2 27. d5 Rd6 28. f3 Kg7 29. h3 Kf6 30. Kh2 Re2 31. Rbd1 Ke5 32. Kg3 Kf5 33.
Rd4 h5 34. h4 f6 35. b4 Rc2 36. a4 b6 37. Re4 Rc7 38. Kh3 Rcd7 39. Red4 Ke5 40.
g4 hxg4+ 41. Rxg4 gxh4 42. Rxh4 Rxd5 1/2-1/2

[Event "OHS 2017"]
[Site "?"]
[Date "2017.03.13"]
[Round "6.10"]
[White "Krolik, Wilfried"]
[Black "Nowok, Frank"]
[Result "0-1"]
[WhiteElo "1557"]
[BlackElo "1902"]
[PlyCount "72"]
[EventDate "2017.??.??"]
[WhiteTeam "SV Waltrop 1922 e.V."]
[BlackTeam "Hervest-Dorstener SK 195"]

1. e4 c6 2. d4 d5 3. Nc3 dxe4 4. Nxe4 Bf5 5. Ng3 Bg6 6. h4 h6 7. Bd3 Bxd3 8.
Qxd3 Qc7 9. Be3 Nf6 10. Nf3 e6 11. O-O Nbd7 12. c4 c5 13. Rac1 cxd4 14. Qxd4
Bc5 15. Qc3 O-O 16. Bxc5 Qxc5 17. Rfe1 Ng4 18. Re2 Rac8 19. b4 Qc7 20. Nd4 a6
21. c5 Ndf6 22. Rce1 Rfd8 23. Nf3 Nxf2 24. Ne5 N2g4 25. Nxg4 Nxg4 26. Qf3 h5
27. Re4 Rd5 28. Qf4 Qxf4 29. Rxf4 Nf6 30. Rc4 Rd2 31. a4 Kf8 32. Ne4 Nxe4 33.
Rexe4 Ke7 34. b5 Rd5 35. bxa6 bxa6 36. c6 Kd6 0-1

[Event "OHS 2017"]
[Site "?"]
[Date "2017.03.13"]
[Round "6.11"]
[White "Gregoritsch, Dirk"]
[Black "Benning, Martin"]
[Result "1/2-1/2"]
[WhiteElo "1775"]
[BlackElo "1562"]
[PlyCount "20"]
[EventDate "2017.??.??"]
[WhiteTeam "SC Doppelbauer Brambauer"]
[BlackTeam "SG Bochum 1931"]

1. d4 Nf6 2. Nf3 g6 3. g3 Bg7 4. Bg2 d6 5. c4 O-O 6. Nc3 Bd7 7. e4 Qc8 8. h3 e5
9. Bg5 Nc6 10. Bxf6 Bxf6 1/2-1/2

[Event "OHS 2017"]
[Site "?"]
[Date "2017.03.13"]
[Round "6.12"]
[White "Nioduschewski, Nils"]
[Black "Wingerning, Gerd"]
[Result "0-1"]
[WhiteElo "1301"]
[BlackElo "1749"]
[PlyCount "54"]
[EventDate "2017.??.??"]
[WhiteTeam "SV Unser Fritz Wanne-E"]
[BlackTeam "SC Buer-Hassel 1919 e.V."]

1. c4 Nf6 2. Nc3 d5 3. e3 c6 4. Nf3 e6 5. d4 Nbd7 6. Be2 dxc4 7. Bxc4 b5 8. Bb3
Be7 9. O-O O-O 10. Bc2 a6 11. Qd3 c5 12. Ne4 Bb7 13. Nxf6+ Nxf6 14. Ng5 Qd5 15.
Nf3 Qh5 16. Bd1 Rfd8 17. Ne5 Qxe5 18. dxe5 Rxd3 19. exf6 Bxf6 20. Bc2 Rd7 21.
Rb1 a5 22. b3 b4 23. Bb2 Ba6 24. Rfd1 Rxd1+ 25. Bxd1 Bd3 26. Bf3 Bxb1 27. Bxa8
Bxb2 0-1

[Event "OHS 2017"]
[Site "?"]
[Date "2017.03.13"]
[Round "6.13"]
[White "Boxberg, Marc"]
[Black "Engelmann, Chris"]
[Result "1-0"]
[WhiteElo "1604"]
[BlackElo "1603"]
[PlyCount "43"]
[EventDate "2017.??.??"]
[WhiteTeam "SVigung Marten-Bövingh"]
[BlackTeam "SV Unser Fritz Wanne-E"]

1. e4 e5 2. Nf3 Nc6 3. Bc4 Bc5 4. b4 Bxb4 5. c3 Ba5 6. d4 exd4 7. O-O dxc3 8.
Qb3 Qf6 9. Bg5 Qg6 10. Nxc3 Bb6 11. Nd5 Na5 12. Qc3 Nxc4 13. Qxc4 Qc6 14. Ne5
Qe6 15. Qc3 f6 16. Nc4 Qc6 17. Rac1 Ne7 18. Ncxb6 Qxc3 19. Rxc3 Nxd5 20. Nxd5
c6 21. Nc7+ Kd8 22. Bf4 1-0

[Event "OHS 2017"]
[Site "?"]
[Date "2017.03.13"]
[Round "6.15"]
[White "Bott, Michael"]
[Black "Jordan, Klaus-Dieter"]
[Result "1-0"]
[WhiteElo "1361"]
[BlackElo "1128"]
[PlyCount "58"]
[EventDate "2017.??.??"]
[WhiteTeam "SV Zeppelin Herne e.V."]
[BlackTeam "vereinslos"]

1. c4 e6 2. g3 d5 3. d4 Ne7 4. Bg2 h6 5. Nc3 c6 6. b3 Nf5 7. Nf3 Bb4 8. Bb2 O-O
9. O-O Nd7 10. a3 Ba5 11. b4 Bc7 12. e4 dxe4 13. Nxe4 Nb6 14. Rc1 a5 15. bxa5
Rxa5 16. Nc5 Qe7 17. Qd2 Na4 18. Nxa4 Rxa4 19. Qc2 Ra6 20. Rfe1 Bd7 21. Qxf5
exf5 22. Rxe7 Rd8 23. c5 Ba5 24. Ne5 Bd2 25. Rd1 Bg5 26. Rxd7 Rxd7 27. Nxd7 h5
28. f4 Bd8 29. Re1 f6 1-0

[Event "OHS 2017"]
[Site "?"]
[Date "2017.03.13"]
[Round "6.16"]
[White "Wenzel, Jakoba"]
[Black "Kümmel, Hans-Jürgen"]
[Result "1-0"]
[WhiteElo "1313"]
[BlackElo "1324"]
[PlyCount "64"]
[EventDate "2017.??.??"]
[WhiteTeam "SV Unna 1924"]
[BlackTeam "SV Günnigfeld 1922 e.V"]

1. d4 d5 2. c4 c6 3. Nc3 Nf6 4. f3 dxc4 5. e4 e6 6. Bxc4 Bb4 7. Nge2 O-O 8. Bd2
Re8 9. e5 Nd5 10. Bd3 Qh4+ 11. g3 Qh3 12. Qc2 Nxc3 13. Nf4 Qh6 14. bxc3 Be7 15.
O-O-O Bg5 16. h4 Be7 17. Nd5 Qxd2+ 18. Kxd2 cxd5 19. Bxh7+ Kf8 20. f4 Nc6 21.
Bd3 Bd7 22. Rb1 Rec8 23. Bb5 Kg8 24. Qd3 Rc7 25. Ba4 Kf8 26. Qh7 Ke8 27. Qxg7
Bf8 28. Qh8 Na5 29. Bxd7+ Kxd7 30. Rb4 Nc4+ 31. Kd3 Rac8 32. Rb3 Na5 1-0

[Event "OHS 2017"]
[Site "?"]
[Date "2017.03.20"]
[Round "7.1"]
[White "Zygan, Michael"]
[Black "Kolakovic, Klaudio"]
[Result "0-1"]
[WhiteElo "1768"]
[BlackElo "1983"]
[PlyCount "44"]
[EventDate "2017.??.??"]
[WhiteTeam "SK Sodingen/Castrop 24/23 e.V."]
[BlackTeam "Südlohner SV 1956 e.V."]

1. d4 Nf6 2. c4 d6 3. Nf3 g6 4. Nc3 Bg7 5. e4 O-O 6. Be2 Nfd7 7. O-O e5 8. d5
a5 9. g4 Nc5 10. Ne1 f5 11. gxf5 gxf5 12. exf5 Bxf5 13. Bg4 Qh4 14. Bxf5 Rxf5
15. f3 Qxc4 16. Ng2 Qd4+ 17. Qxd4 exd4 18. Nb5 Nba6 19. Rd1 d3 20. Nf4 Raf8 21.
Ne6 Nxe6 22. dxe6 Rxb5 0-1

[Event "OHS 2017"]
[Site "?"]
[Date "2017.03.20"]
[Round "7.2"]
[White "Sondermann, Dirk"]
[Black "Eckert, Marius"]
[Result "0-1"]
[WhiteElo "1768"]
[BlackElo "1944"]
[PlyCount "84"]
[EventDate "2017.??.??"]
[WhiteTeam "Sport Union Annen e.V."]
[BlackTeam "SV Waltrop 1922 e.V."]

1. d4 d5 2. Nf3 e6 3. c4 c5 4. cxd5 exd5 5. Nc3 Be6 6. g3 Nc6 7. Bg2 Nf6 8. O-O
Be7 9. Bf4 O-O 10. dxc5 Bxc5 11. Rc1 Be7 12. Ne5 Qa5 13. Nxc6 bxc6 14. Qa4 Qb6
15. Qc2 Rac8 16. Na4 Qb5 17. Bg5 c5 18. e4 dxe4 19. Nc3 Qd3 20. Bxe4 Qxc2 21.
Bxc2 h6 22. Bf4 g5 23. Be3 Ng4 24. Be4 Nxe3 25. fxe3 c4 26. Bd5 Bc5 27. Rfe1
Rfe8 28. Kg2 Rcd8 29. e4 Bb4 30. Red1 Bg4 31. Rd4 Rc8 32. Rxc4 Rxc4 33. Bxc4
Bxc3 34. Rxc3 Rxe4 35. b3 Re7 36. h3 Bf5 37. Rf3 Be4 38. Kf2 Bxf3 39. Kxf3 Kg7
40. h4 Kf6 41. hxg5+ hxg5 42. a4 Ke5 0-1

[Event "OHS 2017"]
[Site "?"]
[Date "2017.03.20"]
[Round "7.3"]
[White "Kiese, Matthias"]
[Black "Melmer, Felix"]
[Result "1-0"]
[WhiteElo "2175"]
[BlackElo "1908"]
[PlyCount "55"]
[EventDate "2017.??.??"]
[WhiteTeam "Bochumer SV 02"]
[BlackTeam "SC Gerthe 46 - Werne"]

1. d4 f5 2. g3 Nf6 3. Bg2 g6 4. Nf3 Bg7 5. O-O O-O 6. c4 d6 7. Nc3 Qe8 8. b3
Na6 9. Ba3 Kh8 10. Qd3 Nd7 11. Rad1 e5 12. dxe5 Nxe5 13. Nxe5 Qxe5 14. Nd5 Rf7
15. b4 Qe8 16. Qc2 Rb8 17. Bb2 Be6 18. Bxg7+ Rxg7 19. a3 Qf7 20. Rc1 g5 21. f4
g4 22. Qc3 Rf8 23. e4 c6 24. Ne3 Qf6 25. Rfd1 fxe4 26. Qxf6 Rxf6 27. Rxd6 Rgg6
28. Rxe6 1-0

[Event "OHS 2017"]
[Site "?"]
[Date "2017.03.20"]
[Round "7.4"]
[White "Hahn, Matthias"]
[Black "Scheibe, Werner"]
[Result "1-0"]
[WhiteElo "2050"]
[BlackElo "1850"]
[PlyCount "83"]
[EventDate "2017.??.??"]
[WhiteTeam "SV Bochum-Linden-Dahlh"]
[BlackTeam "SK Sodingen/Castrop 24/23 e.V."]

1. d4 Nf6 2. c4 g6 3. Nc3 d5 4. Bf4 c6 5. e3 Bg7 6. h3 O-O 7. Nf3 Nbd7 8. cxd5
Nxd5 9. Nxd5 cxd5 10. Bd3 Qa5+ 11. Qd2 Qxd2+ 12. Kxd2 f6 13. Bg3 e5 14. Bc2 e4
15. Ng1 Nb6 16. Bb3 Bd7 17. Ne2 Rfc8 18. Nc3 Nc4+ 19. Bxc4 dxc4 20. Nxe4 Bc6
21. Nd6 Rd8 22. f3 Bf8 23. Nxc4 Bb4+ 24. Ke2 Bd5 25. Rhc1 Rac8 26. b3 b5 27.
Nd2 Ba3 28. Rxc8 Rxc8 29. Kd1 f5 30. Rb1 Rc3 31. Nf1 g5 32. Be1 Rc8 33. Bd2 g4
34. hxg4 fxg4 35. e4 gxf3 36. gxf3 Bf7 37. Ne3 Rd8 38. d5 Bh5 39. Ke2 Kf7 40.
b4 Rc8 41. Kd3 Ke7 42. Nc2 1-0

[Event "OHS 2017"]
[Site "?"]
[Date "2017.03.20"]
[Round "7.5"]
[White "Schmidt, Ralph"]
[Black "Funke, Eckhard"]
[Result "1-0"]
[WhiteElo "1946"]
[BlackElo "1819"]
[PlyCount "39"]
[EventDate "2017.??.??"]
[WhiteTeam "SV Bochum-Linden-Dahlh"]
[BlackTeam "SV Günnigfeld 1922 e.V"]

1. e4 d5 2. exd5 Qxd5 3. Nc3 Qd6 4. Bc4 a6 5. d3 Nf6 6. Nge2 b5 7. Bb3 Bb7 8.
O-O e6 9. a3 Qc6 10. f3 Qb6+ 11. Kh1 Nbd7 12. Ne4 Be7 13. N2c3 O-O 14. Re1 h6
15. Be3 c5 16. Qe2 Qc6 17. Qf2 Nd5 18. Bd2 N7f6 19. Qg3 Qc7 20. Nxf6+ 1-0

[Event "OHS 2017"]
[Site "?"]
[Date "2017.03.20"]
[Round "7.6"]
[White "Wübker, Paul-Luca"]
[Black "Barth, Hans-Joachim"]
[Result "1-0"]
[WhiteElo "1792"]
[BlackElo "1702"]
[PlyCount "125"]
[EventDate "2017.??.??"]
[WhiteTeam "SG Bochum 1931"]
[BlackTeam "SG Höntrop 1947"]

1. d4 Nf6 2. c4 c5 3. d5 b5 4. cxb5 a6 5. bxa6 Bxa6 6. Nc3 d6 7. e4 Bxf1 8.
Kxf1 g6 9. Nf3 Bg7 10. g3 O-O 11. Kg2 Nbd7 12. Qc2 Ra6 13. Bd2 Qa8 14. a3 Ng4
15. Ne2 f5 16. Bc3 Bxc3 17. Nxc3 fxe4 18. Qxe4 Nde5 19. Nxe5 Nxf2 20. Qe2 dxe5
21. Rhf1 Raf6 22. Qxe5 Qc8 23. Qe2 Qh3+ 24. Kg1 Qf5 25. Rae1 Qh3 26. Nd1 Ng4
27. Rxf6 Rxf6 28. Qg2 Qh5 29. Qe2 Qh3 30. Nc3 Rf5 31. Qg2 Qxg2+ 32. Kxg2 Rf2+
33. Kh3 h5 34. Re2 Kf7 35. Rxf2+ Nxf2+ 36. Kg2 Nd3 37. b3 Nc1 38. b4 cxb4 39.
axb4 Nd3 40. b5 Nc5 41. Kf3 Nd7 42. Ne2 e6 43. dxe6+ Kxe6 44. Ke4 Nf6+ 45. Kd4
Kd6 46. Nc3 Ng4 47. h3 Nh6 48. Ne4+ Kc7 49. Kc5 Nf5 50. b6+ Kb8 51. Kd5 Ne3+
52. Ke6 h4 53. g4 Kb7 54. Nf2 Kxb6 55. Kf6 Kc6 56. Kxg6 Kd7 57. Kf7 Nc4 58. Kf6
Ne3 59. Nd3 Ke8 60. Kg5 Ng2 61. Nf4 Ne3 62. Kxh4 Kf7 63. Kg5 1-0

[Event "OHS 2017"]
[Site "?"]
[Date "2017.03.20"]
[Round "7.7"]
[White "Ewers, Christian"]
[Black "Deutschmann, Jürgen"]
[Result "1/2-1/2"]
[WhiteElo "1721"]
[BlackElo "1462"]
[PlyCount "64"]
[EventDate "2017.??.??"]
[WhiteTeam "SG Mengede 1922"]
[BlackTeam "SV Hattingen e.V."]

1. e4 c6 2. d4 d5 3. e5 Bf5 4. Nc3 Qb6 5. g4 Bd7 6. h4 e6 7. Rb1 c5 8. Be3 cxd4
9. Bxd4 Qc7 10. f4 Bc5 11. Nce2 h5 12. g5 Ne7 13. Bxc5 Qxc5 14. Nd4 Nbc6 15.
Nge2 g6 16. c3 Nxd4 17. Nxd4 Rc8 18. Qd2 O-O 19. Rh3 a6 20. b4 Qc7 21. Nb3 Rfd8
22. Nc5 Bc6 23. Nb3 Nf5 24. Nd4 Nxd4 25. Qxd4 Bb5 26. Bxb5 axb5 27. Rd3 Qc4 28.
Rb2 Qxd4 29. cxd4 Rc4 30. Kd2 Ra8 31. a3 Kf8 32. Rc2 Ke7 1/2-1/2

[Event "OHS 2017"]
[Site "?"]
[Date "2017.03.20"]
[Round "7.8"]
[White "Nowok, Frank"]
[Black "Müller-Kreth, Kai"]
[Result "1-0"]
[WhiteElo "1902"]
[BlackElo "1774"]
[PlyCount "71"]
[EventDate "2017.??.??"]
[WhiteTeam "Hervest-Dorstener SK 195"]
[BlackTeam "SK Sodingen/Castrop 24/23 e.V."]

1. c4 e5 2. g3 Nf6 3. Bg2 Bc5 4. Nc3 c6 5. d3 d6 6. Nf3 a5 7. O-O Be6 8. Bd2
Nbd7 9. Na4 Ba7 10. a3 O-O 11. b4 axb4 12. axb4 h6 13. Qc2 d5 14. c5 Bb8 15. e4
Bc7 16. Rfe1 Qe7 17. Bc3 d4 18. Bd2 Nh7 19. Nh4 Qf6 20. h3 g5 21. Nf3 Qg6 22.
Nb2 f5 23. Rxa8 Rxa8 24. exf5 Bxf5 25. b5 Ra2 26. Qb3+ Be6 27. Nc4 Rxd2 28.
Nfxd2 Nxc5 29. Qa3 Nxd3 30. Be4 Qh5 31. Qxd3 Nf6 32. Bf5 Bd5 33. bxc6 bxc6 34.
g4 Qe8 35. Ne4 Nd7 36. Bxd7 1-0

[Event "OHS 2017"]
[Site "?"]
[Date "2017.03.20"]
[Round "7.10"]
[White "Boost, Jürgen"]
[Black "Boxberg, Marc"]
[Result "1/2-1/2"]
[WhiteElo "1827"]
[BlackElo "1604"]
[PlyCount "32"]
[EventDate "2017.??.??"]
[WhiteTeam "SC Gerthe 46 - Werne"]
[BlackTeam "SVigung Marten-Bövingh"]

1. e4 e6 2. d4 d5 3. Nc3 Bb4 4. e5 c5 5. a3 Bxc3+ 6. bxc3 Ne7 7. Nf3 Qc7 8. Bd3
c4 9. Be2 O-O 10. a4 Nbc6 11. O-O Bd7 12. Ng5 f6 13. exf6 Rxf6 14. f4 Ng6 15.
g3 h6 16. Nf3 Re8 1/2-1/2

[Event "OHS 2017"]
[Site "?"]
[Date "2017.03.20"]
[Round "7.11"]
[White "Gausmann, Thomas"]
[Black "Gregoritsch, Dirk"]
[Result "1/2-1/2"]
[WhiteElo "1443"]
[BlackElo "1775"]
[PlyCount "25"]
[EventDate "2017.??.??"]
[WhiteTeam "SG Bochum 1931"]
[BlackTeam "SC Doppelbauer Brambauer"]

1. e4 d5 2. exd5 Qxd5 3. Nc3 Qd6 4. d4 Nf6 5. Nf3 a6 6. Bd3 Bg4 7. h3 Bh5 8.
Ne4 Nxe4 9. Bxe4 Nc6 10. c3 e6 11. O-O Be7 12. Bxc6+ Qxc6 13. Ne5 1/2-1/2

[Event "OHS 2017"]
[Site "?"]
[Date "2017.03.20"]
[Round "7.12"]
[White "Benning, Martin"]
[Black "Ponto, Michael"]
[Result "0-1"]
[WhiteElo "1562"]
[BlackElo "1665"]
[PlyCount "42"]
[EventDate "2017.??.??"]
[WhiteTeam "SG Bochum 1931"]
[BlackTeam "SV Unser Fritz Wanne-E"]

1. e3 d5 2. c4 Nf6 3. Nc3 e5 4. cxd5 Nxd5 5. Qb3 Nb6 6. Bc4 Nxc4 7. Qxc4 Nc6 8.
Nf3 Be7 9. a3 O-O 10. Qd5 Be6 11. Qb5 Qd6 12. b4 a5 13. Ne4 Qd5 14. Nc3 Qxb5
15. Nxb5 Rfc8 16. Bb2 f6 17. d4 Bc4 18. dxe5 Bxb5 19. exf6 Bxf6 20. Bxf6 gxf6
21. a4 axb4 0-1

[Event "OHS 2017"]
[Site "?"]
[Date "2017.03.20"]
[Round "7.13"]
[White "Engelmann, Chris"]
[Black "Bott, Michael"]
[Result "1/2-1/2"]
[WhiteElo "1603"]
[BlackElo "1361"]
[PlyCount "42"]
[EventDate "2017.??.??"]
[WhiteTeam "SV Unser Fritz Wanne-E"]
[BlackTeam "SV Zeppelin Herne e.V."]

1. e4 c5 2. Nf3 Nc6 3. d4 cxd4 4. Nxd4 Nf6 5. Nc3 g6 6. Be3 Bg7 7. f3 a6 8. Qd2
O-O 9. O-O-O Nxd4 10. Bxd4 d6 11. Bc4 b5 12. Bb3 Bb7 13. g4 Qc7 14. h4 Rad8 15.
h5 d5 16. hxg6 fxg6 17. g5 Nh5 18. Nxd5 Bxd5 19. Bxd5+ Kh8 20. Bxg7+ Nxg7 21.
Qe3 Nh5 1/2-1/2

[Event "OHS 2017"]
[Site "?"]
[Date "2017.03.20"]
[Round "7.14"]
[White "Wenzel, Jakoba"]
[Black "Krolik, Wilfried"]
[Result "1/2-1/2"]
[WhiteElo "1313"]
[BlackElo "1557"]
[PlyCount "95"]
[EventDate "2017.??.??"]
[WhiteTeam "SV Unna 1924"]
[BlackTeam "SV Waltrop 1922 e.V."]

1. d4 d5 2. c4 c6 3. Nc3 Nf6 4. f3 Bf5 5. Bg5 Nbd7 6. e3 h6 7. Bxf6 Nxf6 8.
cxd5 cxd5 9. Bb5+ Bd7 10. Qb3 e6 11. Nge2 a6 12. Bxd7+ Qxd7 13. O-O Bd6 14. Na4
Qb5 15. Nb6 Qxb3 16. axb3 Rd8 17. Rac1 O-O 18. Rc2 Nd7 19. Nxd7 Rxd7 20. Rfc1
Kh7 21. g3 Re8 22. f4 Ree7 23. Kg2 Rc7 24. Rc3 f6 25. R1c2 g5 26. Ng1 Rg7 27.
Nh3 g4 28. Nf2 h5 29. h4 Rxc3 30. bxc3 Rc7 31. Nd3 Kg6 32. b4 b6 33. Kf2 Kf5
34. Ke2 e5 35. Kd2 exf4 36. Nxf4 Bxf4 37. exf4 b5 38. Kd3 Re7 39. Re2 Rxe2 40.
Kxe2 Ke4 41. f5 Kxf5 42. Ke3 Ke6 43. Kf4 Kf7 44. Kf5 Ke7 45. Kg6 Ke6 46. Kxh5
Kf5 47. Kh6 Ke4 48. Kg6 1/2-1/2

[Event "OHS 2017"]
[Site "?"]
[Date "2017.03.20"]
[Round "7.15"]
[White "Heinz, Hans-Werner"]
[Black "Nioduschewski, Nils"]
[Result "1/2-1/2"]
[WhiteElo "1193"]
[BlackElo "1301"]
[PlyCount "62"]
[EventDate "2017.??.??"]
[WhiteTeam "SV Unser Fritz Wanne-E"]
[BlackTeam "SV Unser Fritz Wanne-E"]

1. e4 e5 2. Nf3 Nc6 3. Nc3 Be7 4. d3 Nf6 5. h3 O-O 6. Be2 b6 7. O-O Bb7 8. a3
d5 9. exd5 Nxd5 10. Bd2 Re8 11. Qc1 f6 12. Ne4 Bd6 13. Nxd6 Qxd6 14. Re1 Nf4
15. Bxf4 exf4 16. c3 Ne5 17. d4 Nxf3+ 18. gxf3 g5 19. Bc4+ Bd5 20. Rxe8+ Rxe8
21. Bxd5+ Qxd5 22. Kg2 Re2 23. Rb1 h5 24. Qd1 Qb5 25. b3 Qe8 26. Kf1 Re7 27.
Qd2 Qd7 28. Kg2 Qf5 29. Rg1 Kf7 30. Kh2 Re8 31. Qa2 Qe6 1/2-1/2

[Event "OHS 2017"]
[Site "?"]
[Date "2017.03.20"]
[Round "7.16"]
[White "Jordan, Klaus-Dieter"]
[Black "Kümmel, Hans-Jürgen"]
[Result "0-1"]
[WhiteElo "1128"]
[BlackElo "1324"]
[PlyCount "62"]
[EventDate "2017.??.??"]
[WhiteTeam "vereinslos"]
[BlackTeam "SV Günnigfeld 1922 e.V"]

1. d4 Nf6 2. c4 g6 3. e3 Bg7 4. g3 c6 5. Bg2 d5 6. Nd2 O-O 7. Ne2 Bg4 8. O-O
Na6 9. f3 Bf5 10. e4 dxe4 11. fxe4 Bg4 12. Bf3 Bxf3 13. Nxf3 Nxe4 14. Qc2 Nd6
15. Bf4 Nf5 16. Rad1 Qa5 17. a3 Rac8 18. c5 e6 19. Ne5 Qd8 20. Rd3 Nc7 21. Nf3
Nd5 22. Be5 Nfe3 23. Qb3 Nxf1 24. Kxf1 b6 25. a4 Bxe5 26. dxe5 bxc5 27. Qc4 Qb6
28. Qh4 f6 29. Kg2 Rf7 30. exf6 Qxb2 31. Rd2 Qxf6 0-1

[Event "OHS 2017"]
[Site "?"]
[Date "2017.03.20"]
[Round "7.17"]
[White "Neumann, Frank"]
[Black "Hesse, Tim"]
[Result "1-0"]
[WhiteElo "1268"]
[BlackElo "900"]
[PlyCount "39"]
[EventDate "2017.??.??"]
[WhiteTeam "SV Waltrop 1922 e.V."]
[BlackTeam "vereinslos"]

1. e4 e5 2. Nf3 Nc6 3. Bb5 a6 4. Bxc6 bxc6 5. Nxe5 f6 6. Qh5+ g6 7. Nxg6 hxg6
8. Qxh8 Nh6 9. d3 Nf7 10. Qh3 d5 11. Qe3 Bc5 12. Qxc5 dxe4 13. Qxc6+ Bd7 14.
Qxe4+ Ne5 15. d4 c6 16. dxe5 Kf7 17. exf6 Qxf6 18. O-O Re8 19. Qf3 c5 20. Qxf6+
1-0